Stadtteile von Neustadt an der Weinstraße - Statistiken

Allgemein
  • Dieses Quiz wurde 6 mal gespielt
  • Das Durchschnittsergebnis liegt bei 8 aus 10
Antwortstatistiken
Hint Antwort % Korrekt
4.719 Hambach
100%
970 Duttweiler
83%
2.069 Gimmeldingen
83%
2.550 Haardt
83%
1.064 Königsbach
83%
5.295 Lachen-Speyerdorf
83%
3.716 Mußbach
83%
30.370 Neustadt
83%
1.887 Geinsheim
67%
2.231 Diedesfeld
33%
Keine übereinstimmenden Quizze gefunden
Verteilung der Resultate
Anzahl Personen mit jedem Resultat
Perzentil nach korrekt beantworteten Fragen
Ihre Resultats-Entwicklung
Sie haben dieses Quiz noch nicht gespielt